| 000 | 01095nam a22002657a 4500 | ||
|---|---|---|---|
| 999 |
_c22036 _d22036 |
||
| 003 | AR-CdUCM | ||
| 008 | 190425b ||||| |||| 00| 0 spa d | ||
| 040 |
_aMUNICIPALIDAD PROVINCIAL DEL CUSCO _cBIBLIOTECA MUNICIPAL DEL CUSCO |
||
| 082 | _aDiva/N°9/2001 | ||
| 245 | _aDIVA Technical report / | ||
| 246 | _aWayko Lamas la gente y la biodiversidad. | ||
| 260 |
_aCusco : _bCentro Bartolomé de las Casas, _c2001. |
||
| 300 |
_a87 páginas. : _c30 cm. |
||
| 440 |
_aDiva. _nN° 9, 2001 _947224 |
||
| 505 | _aContenido: El pueblo y su cultura. -- Relaciones sociales. -- Vegetación modificada por el hombre. -- La importancia ornitológica de Lamas. -- Programas de computación y datos de biodiversidad. -- La comunidad de aves local. -- Diccionario de las plantas útiles de Lamas. | ||
| 650 |
_aBiodiversidad _919327 |
||
| 650 |
_aAgricultura _9320 |
||
| 650 |
_aGanadería _9321 |
||
| 650 |
_aMedio ambiente _947219 |
||
| 700 |
_aAchútegui, Eduardo _947225 |
||
| 700 |
_aQuipuscoa Silvestre, Víctor _947222 |
||
| 700 |
_aSamamé, María _947226 |
||
| 942 |
_2ddc _cPP |
||
| 945 | _avhl | ||